| 000 | 02011nam0a2200481 4500 | ||
|---|---|---|---|
| 001 | RU\NLR\BIBL_A\012685348 | ||
| 005 | 20220315154320.0 | ||
| 010 | _a978-5-9710-9157-8 | ||
| 021 |
_aRU _bКН-П-21-064528 _9КН-П-21-5080 |
||
| 035 | _a(NLR Aleph) 012685348 | ||
| 035 | _a(RuMoRGB)010810974 | ||
| 090 |
_a12829062 _c12829062 |
||
| 100 | _a20220117d2021 k y0rusy50 ca | ||
| 101 | 0 |
_arus _deng |
|
| 102 | _aRU | ||
| 105 | _aa|||z|||001zy | ||
| 181 | 1 |
_ai3 _bab2e |
|
| 182 | 1 | _an | |
| 200 | 1 |
_aВекторы, тензоры, спиноры, твисторы, дженоры… _eпоиск первичного геометрического элемента _fЮ. Р. Мусин |
|
| 203 |
_aТекст _bвизуальный _cнепосредственный |
||
| 210 |
_aМосква _cURSS _cЛЕНАНД _d2021 (макет 2022) |
||
| 215 |
_a191, [2] с. _cил., табл. _d22 |
||
| 300 | _aНа 4-й с. обл.: Ю.Р. Мусин - канд. физ.-мат. наук, доц., преподаватель | ||
| 300 | _aРез. англ. | ||
| 320 | _aБиблиогр. в конце кн. | ||
| 320 | _aДр. работы авт. на 4-й с. обл. | ||
| 320 | _aПредм. указ.: с. 185-188 | ||
| 320 | _aИмен. указ. в конце кн. | ||
| 606 | 1 |
_aПространство и время _xГеометрия _2nlr_sh1 _2nlr_sh2 _3RU\NLR\AUTH\66919970 |
|
| 606 | 1 |
_aВекторы _2nlr_sh1 _2nlr_sh2 _3RU\NLR\AUTH\66227329 |
|
| 606 | 1 |
_aСпинорный анализ _2nlr_sh1 _2nlr_sh2 _3RU\NLR\AUTH\66324494 |
|
| 606 | 1 |
_aТензорный анализ _2nlr_sh1 _2nlr_sh2 _3RU\NLR\AUTH\6694010 |
|
| 610 | 0 | _aспиноры | |
| 610 | 0 | _aтвисторы | |
| 610 | 0 | _aдженоры | |
| 675 |
_a53:51 _v4 |
||
| 686 | 1 | _aВ31 | |
| 686 | 1 | _aВ181.14 | |
| 700 | 1 |
_aМусин _bЮ. Р. _f1950- _gЮрат Рашитович _3RU\NLR\AUTH\7778410 |
|
| 942 | _cBOOK | ||
| 980 | _aNB | ||